Normale Ansicht MARC-Ansicht ISBD

Kreml', Stavka, Genštab / (Titelsatznr. 5415)

[ MARC ]
MARC-Details
000 -Satzkennung
Kontrollfeld mit fester Länge 00502nam a22001931c 4500
001 - Kontrollnummer
Kontrollfeld 00106004441
008 - Feld mit fester Länge zur physischen Beschreibung - Allgemeine Angaben
Kontrollfeld mit fester Länge 051003s1995 gw a||| 000u rus d
020 ## - Internationale Standardbuchnummer
Internationale Standardbuchnummer 5855430146
Verknüpfung 5-85543-014-6
041 ## - Sprachcode
Sprachcode des Textes/der Tonspur oder des separaten Titels rus
040 ## - Katalogisierungsquelle
Übertragungsstelle RU-10907106
003 - Kontrollnummer Identifier
Kontrollfeld RU-10907106
100 1# - Haupteintragung - Personenname
Personenname Gor'kov, Jurij A.
245 00 - Titel
Titel Kreml', Stavka, Genštab /
Verfasserangabe etc. Jurij Aleksandrovič Gor'kov
264 ## - Produktion, Veröffentlichung, Distribution, Herstellung und Urheberrechtsvermerk
Herstellungs-, Veröffentlichungs- Vertriebs-, Erzeugungsort Tver' :
Produzent, Herausgeber, Distributor, Hersteller RIF,
Datum der Herstellung, der Veröffentlichung, des Vertriebs oder des Urheberschutzvermerks 1995
300 ## - Physische Beschreibung
Umfang 381 S. : Ill + Kt.-Beil
650 #0 - Nebeneintragung unter einem Schlagwort - Sachschlagwort
Sachschlagwort oder geografischer Name als Eintragungselement Generalstab
651 #0 - Nebeneintragung unter einem Schlagwort - Geografischer Name
Geografischer Name Sowjetunion
942 ## - Zusätzliche Felder (Koha)
Koha-Medientyp Monographien
Exemplare
Ausgeschieden Verloren Klassifikation oder Aufstellungssystematik Beschädigt Nicht entleihbar Heimatbibliothek Aufenthaltsbibliothek Aufstellungsort Erwerbungsdatum Inventarnummer Signatur Barcode Letzte Aktivität Preis gültig von Koha-Medientyp
    Andere/Generische Klassifikation     MWN Osteuropa MWN Osteuropa Magazin - 2 03/10/2005 05-00577 R 63 rd Gor E00401506CBDF95A 23/02/2021 22/03/2021 Monographien